Flags of Municipalities of Georgia (საქართველო) - Statistics

General Stats
  • This quiz has been taken 18 times
  • The average score is 33 of 65
Answer Stats
Picture Answer % Correct
Ambrolauri
100%
Batumi
100%
Borjomi
100%
Gori
100%
Mestia
100%
Ninotsminda
100%
Ozurgeti
100%
Akhaltsikhe
75%
Aspindza
75%
Bolnisi
75%
Chokhatauri
75%
Kareli
75%
Kazbegi
75%
Khulo
75%
Kobuleti
75%
Kutaisi
75%
Lanchkhuti
75%
Mtskheta
75%
Rustavi
75%
Tbilisi
75%
Tianeti
75%
Zestaponi
75%
Adigeni
50%
Baghdati
50%
Dusheti
50%
Gurjaani
50%
Kaspi
50%
Keda
50%
Khashuri
50%
Khelvachauri
50%
Lentekhi
50%
Oni
50%
Poti
50%
Sachkhere
50%
Sagarejo
50%
Telavi
50%
Tsageri
50%
Tskaltubo
50%
Zugdidi
50%
Abasha
25%
Akhalgori
25%
Akhalkalaki
25%
Akhmeta
25%
Chiatura
25%
Chkhorotsku
25%
Dedoplistskaro
25%
Dmanisi
25%
Gardabani
25%
Kharagauli
25%
Khobi
25%
Kvareli
25%
Lagodekhi
25%
Marneuli
25%
Martvili
25%
Samtredia
25%
Senaki
25%
Shuakhevi
25%
Sighnaghi
25%
Terjola
25%
Tetritskaro
25%
Tkibuli
25%
Tsalenjikha
25%
Tsalka
25%
Vani
25%
Khoni
0%
No matching quizzes found
Score Distribution
Percent of People with Each Score
Percentile by Number Answered
Your Score History
You have not taken this quiz